00403nam a2200157Ia 4500008004100000020001500041041001200056082001600068100001700084245006100101250000800162260003600170300000800206650001400214700001700228221030s9999 xx 000 0 und d a9971511754 aEnglish a105.23bBas aF. A. Cotton 0aBasic Inorganic Chemistrycby F. A. Cotton, G. Wilkinson a3rd bJohn Wiley & SonsaMumbaic1995 a838 aChemistry aG. Wilkinson